000 00709nam a2200193Ia 4500
001 3417
003 GE_BSU
008 181216s||||||||xx |||||||||||||| ||und||
040 _cGE_BSU
080 _a547
245 _aОбщие методы синтеза высокомолекулярных соеденений. Методы высокомолекулярной органической химии . Том 1.
245 _cРед.И.А.Грибова.
260 _aМ.
260 _bИз-во Акад.наук СССР.
260 _c1953.
300 _a667 стр. 28см.
653 _aОбщие методы синтеза высокомолекулярных соеденений.
942 _cBK
999 _c37456
_d37456